000 00325nam a22001337a 4500
082 _a894.812.1
_bPAR/A
100 _aPARVATHY, M S
245 _aAZHAKIYA ITHALUKAL
246 _aAZHAKIYA ITHALUKAL
_bAZHAKIYA ITHALUKAL
260 _aTHRISSUR
_bTHE OLD LIBRARY
_c2025
300 _a91
650 _aMALAYALAM POEMS
942 _cBK
999 _c9190
_d9190